Microsoft Specialist Guide to Microsoft Windows 10: Configuring Windows Devices (Exam #70-697) (Record no. 37033)

MARC details
000 -LEADER
fixed length control field 00345nam a22001097a 4500
005 - DATE AND TIME OF LATEST TRANSACTION
control field 20250820175257.0
008 - FIXED-LENGTH DATA ELEMENTS--GENERAL INFORMATION
fixed length control field 250820b |||||||| |||| 00| 0 eng d
082 ## - DEWEY DECIMAL CLASSIFICATION NUMBER
Classification number 005
Item number MIC
245 ## - TITLE STATEMENT
Title Microsoft Specialist Guide to Microsoft Windows 10: Configuring Windows Devices (Exam #70-697)
650 ## - SUBJECT ADDED ENTRY--TOPICAL TERM
Subject / Department Computer/ Microsoft Office & Windows
952 ## - LOCATION AND ITEM INFORMATION (KOHA)
-- 0
-- 0
Holdings
Lost status Damaged status Permanent Location Current Location Shelving Location Date acquired Full Call Number Accession No./Barcode Date last seen item type Koha item type
    Superior Information Resource Center (SIRC) Superior University - UAE Campus Superior Information Resource Center (SIRC) Superior University - UAE Campus Computer-Microsoft Office & Windows 08/20/2025 005 MIC 40013 08/20/2025 BOOK BOOK

Powered by Koha